| Tag |
First Indicator |
Second Indicator |
Subfields |
| LEADER |
00000cam a2200000Ii 4500 |
| 001 |
in00004073421 |
| 006 |
m o d |
| 007 |
cr cnu---unuuu |
| 008 |
190601s2019 mdu ob 000 0 eng d |
| 005 |
20250816222701.3 |
| 020 |
|
|
|a 1498557589
|q electronic book
|
| 020 |
|
|
|a 9781498557580
|q electronic book
|
| 020 |
|
|
|z 9781498557573
|q hardcover
|
| 024 |
8 |
|
|a 99981348914
|
| 035 |
|
|
|a (NhCcYBP)ebc5780496
|
| 037 |
|
|
|a 9781498557580
|b Ingram Content Group
|
| 040 |
|
|
|a NhCcYBP
|c NhCcYBP
|d UtOrBLW
|
| 043 |
|
|
|a n-us---
|
| 050 |
|
4 |
|a JK526 2016
|b .A64 2019
|
| 072 |
|
7 |
|a POL
|x 008000
|2 bisacsh
|
| 072 |
|
7 |
|a POL
|x 016000
|2 bisacsh
|
| 082 |
0 |
4 |
|a 324.9730933
|2 23
|
| 245 |
0 |
0 |
|a American presidential elections in a comparative perspective :
|b the world is watching /
|c edited by Jesús Velasco.
|
| 264 |
|
1 |
|a Lanham :
|b Lexington Books,
|c 2019.
|
| 300 |
|
|
|a 1 online resource.
|
| 336 |
|
|
|a text
|b txt
|2 rdacontent
|
| 337 |
|
|
|a computer
|b c
|2 rdamedia
|
| 338 |
|
|
|a online resource
|b cr
|2 rdacarrier
|
| 504 |
|
|
|a Includes bibliographical references.
|
| 505 |
0 |
|
|a Intro; Tables and Figures; Acknowledgments; Introduction; SECTION I: ASIA; 1 The Bad and the Ugly: Chinese Perceptions of the 2016 US Presidential Election; 2 Trump's Triumph Through Indian Eyes: Terribly Tragic, Truly Transformative, or Totally Trivial?; 3 A Close Look at Changes in Japan-US Relations: The 2016 US Presidential Election as an Example; 4 South Korea and the 2016 US Presidential Elections: A Security-Trade Nexus Redefined?; SECTION II: EUROPE; 5 Straining Vows: Britain, the US Election, and the Special Relationship; 6 A View of Finnish-US Relations: Past, Present, and Future
|
| 505 |
8 |
|
|a 7 "America the Nightmare. Soon on your screen. Frightful Release Expected in 2017": French Views of the 2016 Presidential Elections in the US8 "Looking forward . . . Maybe": The 2016 United States' Presidential Elections from Russia's Standpoint; SECTION III: LATIN AMERICA; 9 A Brazilian View of US Political Dynamics; 10 The 2016 American Presidential Election in Chile; 11 Mexican Views of the US and of the 2016 Presidential Election; 12 Peru and Its Perspectives on the United States: An Approach to the Trump Era; 13 Final Thoughts; About the Editor and Contributors
|
| 588 |
|
|
|a Description based on online resource; title from digital title page (viewed on July 08, 2019).
|
| 500 |
|
|
|a Electronic resource.
|
| 650 |
|
0 |
|a Presidents
|z United States
|x Election
|y 2016.
|
| 651 |
|
0 |
|a United States
|x Politics and government
|y 2009-2017.
|0 http://id.loc.gov/authorities/subjects/sh2009003409
|
| 655 |
|
7 |
|a Electronic books.
|2 local
|
| 700 |
1 |
|
|a Velasco, Jesús,
|d 1955-
|e editor.
|0 http://id.loc.gov/authorities/names/n97041097
|
| 700 |
1 |
|
|a Guoxi, Zhang,
|e author.
|
| 700 |
1 |
|
|a Hiyosh, Hidematsu,
|e author.
|
| 700 |
1 |
|
|a Kronlund, Anna,
|e author.
|0 http://id.loc.gov/authorities/names/n2016064358
|
| 700 |
1 |
|
|a Soohoon Lee, Alex,
|e author.
|
| 700 |
1 |
|
|a Maira, Luis,
|e author.
|0 http://id.loc.gov/authorities/names/n81140158
|
| 700 |
1 |
|
|a Mello, Guilherme Santos,
|e author.
|
| 700 |
1 |
|
|a Moraes, Reginaldo,
|e author.
|
| 700 |
1 |
|
|a Park, Young Hwan,
|e author.
|
| 700 |
1 |
|
|a Sahni, Varun,
|e author.
|0 http://id.loc.gov/authorities/names/n89199276
|
| 710 |
2 |
|
|a ProQuest (Firm)
|0 http://id.loc.gov/authorities/names/n2007068018
|
| 776 |
1 |
8 |
|i Print version:
|a Velasco, Jesús
|t American Presidential Elections in a Comparative Perspective : The World Is Watching
|d Lanham : Lexington Books,c2019
|z 9781498557573
|
| 856 |
4 |
0 |
|u https://ebookcentral.proquest.com/lib/tamucs/detail.action?docID=5780496
|z Connect to the full text of this electronic book
|t 0
|
| 955 |
|
|
|a YBP purchased approval e-records
|
| 980 |
|
|
|b 325.00
|g 1
|
| 987 |
|
|
|a ybp16251089
|
| 999 |
f |
f |
|s 7f59bd6a-6341-3812-bd6e-93619841ebd7
|i f6adbfa4-cb5e-3013-9244-46441879e6a4
|t 0
|
| 952 |
f |
f |
|a Texas A&M University
|b College Station
|c Electronic Resources
|d Available Online
|t 0
|e JK526 2016 .A64 2019
|h Library of Congress classification
|
| 998 |
f |
f |
|a JK526 2016 .A64 2019
|t 0
|l Available Online
|